Retos feministas en un mundo globalizado /

Saved in:
Bibliographic Details
Main Author: León, Irene
Corporate Authors: Agencia Latinoamericana de Información, ALAI
Format: Unknown
Published: Porto Alegre: ALAI
Subjects:
Tags: Add Tag
No Tags, Be the first to tag this record!

MARC

LEADER 00000 a2200000 04500
001 29802
003
008 991231s d
040
090 |a 184507  
100 |a León, Irene  
110 |a Agencia Latinoamericana de Información.  
245 |a Retos feministas en un mundo globalizado /  |c Agencia Latinoamericana de Información.  
260 |a Porto Alegre:   |b ALAI  
300 |a 62 p.  
650 |a MOVIMIENTOS SOCIALES  
650 |a EQUIDAD SOCIAL  
650 |a GLOBALIZACION  
650 |a JUSTICIA SOCIAL  
650 |a ESTRUCTURA ECONOMICA  
650 |a IDENTIDAD CULTURAL  
710 |a ALAI  
999 |c 16791  |d 16791